| 000 | 00336nam a2200121Ia 4500 | ||
|---|---|---|---|
| 008 | 210430s9999 xx 000 0 und d | ||
| 082 | _a300.1T125 T | ||
| 100 | _aProf.Abdul Hameed Taga | ||
| 245 |
_aTheory &Research in sociology _cProf.Abdul Hameed Taga |
||
| 260 |
_aLahore _bAbdul Hameed _c2007 |
||
| 300 | _a199p | ||
| 942 |
_cBK _2ddc |
||
| 999 |
_c563416 _d563416 |
||